| 000 | 00852cam a2200217 a 4500 | ||
|---|---|---|---|
| 001 | 000009642 | ||
| 005 | 20200929161644.0 | ||
| 008 | 020510s2000 ck b l001 e spa d | ||
| 020 | _a9588109094 | ||
| 040 |
_aDO-SdBNP _bspa _cDLC _dBNPHU |
||
| 082 |
_a792.09861 _bL241e |
||
| 100 | 1 |
_aLamus Obregón, Marina. _99023 |
|
| 245 | 1 | 0 |
_aEstudios sobre la historia del teatro en Colombia / _cMarina Lamus Obregón. |
| 260 |
_aBogotá, Colombia : _bInstituto Distrital de Cultura y Turismo, _c2000. |
||
| 300 |
_a54 p. ; _c24 cm. |
||
| 504 | _aBibliografía: p. 49-51. | ||
| 586 | _aMención al concurso de ensayo crítico, teórico o crítico : El arte colombiano de fin de milenio. | ||
| 650 | 4 |
_aTeatro colombiano _xHistoria y crítica _924515 |
|
| 650 | 4 |
_aLiteratura colombiana _xHistoria y crítica _917628 |
|
| 910 | _aValidado. Control de calidad BNPHU | ||
| 999 |
_c9402 _d9402 |
||